000 01431nam a2200349Ia 4500
001 ebr10237075
003 CaPaEBR
006 m u
007 cr cn|||||||||
008 070717s2007 enka sb 001 0 eng d
020 _z1843105586
020 _z9781843105589
020 _z9781846427213
040 _aCaPaEBR
_cCaPaEBR
035 _a(OCoLC)315875994
050 1 4 _aHV40
_b.C668 2007eb
082 0 4 _a361.25
_222
245 0 0 _aCo-production and personalisation in social care
_h[electronic resource] :
_bchanging relationships in the provision of social care /
_cedited by Susan Hunter and Pete Ritchie.
260 _aLondon :
_bJessica Kingsley Publishers,
_c2007.
300 _a167 p. :
_bill.
490 1 _aResearch highlights in social work ;
_v49
504 _aIncludes bibliographical references and index.
533 _aElectronic reproduction.
_bPalo Alto, Calif. :
_cebrary,
_d2009.
_nAvailable via World Wide Web.
_nAccess may be limited to ebrary affiliated libraries.
650 0 _aSocial planning
_xCitizen participation.
650 0 _aSocial service
_xCitizen participation.
655 7 _aElectronic books.
_2local
700 1 _aHunter, Susan.
700 1 _aRitchie, Pete.
710 2 _aebrary, Inc.
830 0 _aResearch highlights in social work ;
_v49.
856 4 0 _uhttp://site.ebrary.com/lib/rucke/Doc?id=10237075
_zAn electronic book accessible through the World Wide Web; click to view
999 _c37701
_d37701